| 000 | 00792nam a2200277 a 4500 | ||
|---|---|---|---|
| 008 | |||
| 020 | _a1841101664 (pbk.) | ||
| 049 | _aMAIN | ||
| 090 |
_aRM301 _bPEC |
||
| 100 | 1 | _aPeck, Tom. | |
| 245 | 1 | 0 |
_aPharmacology for anaesthesia and intensive care / _cT.E. Peck, S. A. Hill and M. Williams. |
| 250 | _a2nd ed. | ||
| 260 |
_aLondon : _bGreenwich Medical Media, _c2003. |
||
| 300 |
_a376 p. : _bill. ; _c24 cm. |
||
| 500 | _aIncludes index. | ||
| 650 | 0 | _aPharmacology. | |
| 650 | 0 | _aAnesthesia adjuvants. | |
| 650 | 0 | _aCritical care medicine. | |
| 700 | 1 | _aWilliams, M. | |
| 700 | 1 | _aHill, S.A. | |
| 907 |
_a.b10146799 _b10-05-13 _c17-01-05 |
||
| 003 | |||
| 005 | 20230120203836.0 | ||
| 040 | _cNUST | ||
| 942 |
_cBOOKS _kRM301 _mPEC |
||
| 999 |
_c112459 _d112459 |
||